000 00289nam a2200109Ia 4500
008 220204s9999 xx 000 0 und d
082 _a338.43.01
_bABD;1
100 _aAbdul Rahim Mokhzani, B
245 0 _aRural development in South East Asia
260 _aBombay
_bVikas
_c1979
942 _cBK
999 _c31092
_d31092